|
|
|
|
| LEADER |
00856cam a2200253 7i4500 |
| 001 |
0000033340 |
| 005 |
20160616090000.0 |
| 007 |
##ta |
| 008 |
160616r20142013nyu 000 0 eng |
| 020 |
# |
# |
|a 9781621534259
|
| 040 |
# |
# |
|a DLC
|
| 090 |
0 |
0 |
|a B 338.762922750973
|b FES
|
| 100 |
1 |
# |
|a Fessler, Clyde
|e author
|
| 245 |
1 |
0 |
|a REBUILDING THE BRAND :
|b HOW HARLEY-DAVIDSON BECAME KING of the ROAD
|c Clyde Fessler.
|
| 264 |
# |
4 |
|a ♭2013.
|
| 264 |
# |
1 |
|a New York, NY:
|b Allworth Press,
|c 2014.
|
| 300 |
# |
# |
|a ix, 113 pages;
|c 23 cm.
|
| 336 |
# |
# |
|a text
|2 rdacontent
|
| 337 |
# |
# |
|a unmediated
|2 rdamedia
|
| 338 |
# |
# |
|a volume
|2 rdacarrier
|
| 610 |
2 |
0 |
|a Harley-Davidson Motor Company
|
| 650 |
# |
0 |
|a Motorcycle industry --
|z United States.
|
| 650 |
# |
0 |
|a Corporate turnarounds --
|x Management --
|z United States
|
| 999 |
|
|
|a B000037591
|b Book
|c Book
|e Business Information Centre
|